| 000 | 00348nam a2200145Ia 4500 | ||
|---|---|---|---|
| 008 | 230312s9999||||xx |||||||||||||| ||und|| | ||
| 020 | _a0-19568272-6 | ||
| 082 |
_a720.19 _bMOH-P |
||
| 100 | _aMohan;Mutho shoba | ||
| 245 | 0 | _aPrinciples of Architecture | |
| 260 |
_bOxford _aIndia _c2015 |
||
| 300 | _a315 | ||
| 650 | _aArchitecture | ||
| 942 | _cBK | ||
| 999 |
_c11819 _d11819 |
||